Obecné zastupiteľstvo. Očakávania a skutočnosť. diplomová práca

Gespeichert in:
Bibliographische Detailangaben
1. Verfasser: Gonda, Martin
Körperschaft: Národohospodárska fakulta EU. Katedra verejnej správy a regionálneho rozvoja
Weitere Verfasser: Černěnko, Tomáš, 1981-
Format: Buch
Sprache:Slowakisch
Veröffentlicht: Bratislava 2019
Tags: Tag hinzufügen
Keine Tags, Fügen Sie das erste Tag hinzu!

MARC

LEADER 00000nbm a2200000 4500
001 0254990
005 20190715100308.5
041 0 |a slo 
044 |a SK 
245 1 0 |a Obecné zastupiteľstvo. Očakávania a skutočnosť.  |b diplomová práca  |c Martin Gonda ; školiteľ: Tomáš Černěnko 
264 1 |a Bratislava  |c 2019 
300 |a 65 s. 
100 1 |a Gonda, Martin 
700 1 |a Černěnko, Tomáš, 1981- 
710 2 |a Národohospodárska fakulta EU. Katedra verejnej správy a regionálneho rozvoja